<?xml version="1.0" encoding="UTF-8"?>
<collection xmlns="http://www.loc.gov/MARC21/slim">
  <record>
    <leader>00000nam  2200000   4500</leader>
    <controlfield tag="001">INLIS000000000020246</controlfield>
    <controlfield tag="005">20250528115910</controlfield>
    <datafield tag="035" ind1="#" ind2="#">
      <subfield code="a">0010-0525000329</subfield>
    </datafield>
    <controlfield tag="007">ta</controlfield>
    <controlfield tag="008">250528###########################0######</controlfield>
    <datafield tag="084" ind1="#" ind2="#">
      <subfield code="a">R 0001 PKN I 2024</subfield>
    </datafield>
    <datafield tag="100" ind1=" " ind2="#">
      <subfield code="a">Kolaborasi Pengesahan Konflik Sosial Berdimensi Keaganaan Melalui Optimalisasi  Sistem Deteksi Dini Cegah Dini</subfield>
    </datafield>
    <datafield tag="245" ind1="1" ind2="#">
      <subfield code="a">Kolaborasi Pengesahan Konflik Sosial Berdimensi Keaganaan Melalui Optimalisasi  Sistem Deteksi Dini Cegah Dini /</subfield>
      <subfield code="c">Kolaborasi Pengesahan Konflik Sosial Berdimensi Keaganaan Melalui Optimalisasi  Sistem Deteksi Dini Cegah Dini</subfield>
    </datafield>
    <datafield tag="250" ind1="#" ind2="#">
      <subfield code="a">1</subfield>
    </datafield>
    <datafield tag="260" ind1="#" ind2="#">
      <subfield code="a">Jakarta :</subfield>
      <subfield code="b">Pusbangkom Pimnas,</subfield>
      <subfield code="c">2024</subfield>
    </datafield>
    <datafield tag="300" ind1="#" ind2="#">
      <subfield code="a">300 :</subfield>
      <subfield code="b">ilus ;</subfield>
      <subfield code="c">29 x 21 x 3</subfield>
    </datafield>
    <datafield tag="650" ind1="#" ind2="4">
      <subfield code="a">Konflik Sosial</subfield>
    </datafield>
    <datafield tag="520" ind1="#" ind2="#">
      <subfield code="a">Dalam pencegahan konflik social berdimensi keagamaan ini Kementerian Agama&#13;
telah memiliki sebuah sistem peringatan dini konflik sebagaimana tertuang pada Keputusan&#13;
Menteri Agama Nomor 332 Tahun 2023 Tentang Sistem Peringatan Dini Konflik Sosial&#13;
Berdimensi Keagamaan. Namun demikian sistem peringatan dini konflik yang telah&#13;
diterbitkan melalui KMA tersebut belum dapat berjalan secara efektif sehubungan belum&#13;
adanya sinergi antar unit Kementerian Agama dari pusat hingga daerah, juga belum&#13;
terbangunnya kolaborasi lintas Kementerian dan Lembaga dalam hal pencegahan konflik&#13;
social berdimensi keagamaan. Hal itu terbukti dari masih sering terjadinya konflik social&#13;
berdimensi keagamaan di beberapa daerah tanpa dapat dimitigasi dan dicegah sejak dini.&#13;
Melalui proyek perubahan yang berjudul “Bangun Harmoni: Kolaborasi&#13;
Pencegahan Konflik Sosial Berdimensi Keagamaan Melalui Optimalisasi Sistem&#13;
Deteksi dan Cegah Dini Konflik” diharapkan berbagai optensi konflik social berdimensi&#13;
keagamaan dapat termitigasi dengan melalui proses deteksi dini dan dapat diantisipasi dan&#13;
dicegah dengan melalui sistem cegah dini. Dengan begitu maka harmoni dapat terus&#13;
terbangun, dan indeks kerukunan umat beragama terus meningkat dengan target mencapai&#13;
angka 78,00 di tahun 2029.</subfield>
    </datafield>
    <datafield tag="856" ind1="#" ind2="#">
      <subfield code="a">Perpustakaan Pusat LAN</subfield>
    </datafield>
    <datafield tag="990" ind1="#" ind2="#">
      <subfield code="a">2024/1.2.1/A/0001</subfield>
    </datafield>
  </record>
</collection>
